000 00690nam a2200181Ia 4500
008 090124s9999 xx 000 0 und d
082 _b101427
100 _aजोशी य.गो. (यशवंत गोपाळ)
245 _a तुळशीपत्र आणि इतर लघुकथा
250 _a1
260 _c1937
300 _a139
600 _aजोशी य.गो. (यशवंत गोपाळ)
630 _a तुळशीपत्र आणि इतर लघुकथा
700 _aजोशी य.गो. (यशवंत गोपाळ)
730 _a तुळशीपत्र आणि इतर लघुकथा
942 _cBOOK
999 _c147519
_d147519